| 000 | 00830nam 22002533 4500 | ||
|---|---|---|---|
| 001 | 198780 | ||
| 010 | _a972-27-1132-6 | ||
| 021 |
_aPT _b111 309/97 |
||
| 090 | _a198780 | ||
| 100 | _a20251103d u||y0pory50 ba | ||
| 101 | _apor | ||
| 102 | _aPT | ||
| 200 |
_aObras de António Mora _fFernando Pessoa _gEdição e Estudo de Luís Filipe B. Teixeira |
||
| 210 |
_a[Lisboa] _cImprensa Nacional-Casa da Moeda _d2002 |
||
| 215 |
_a570, [6] p. _cBrochado _d25 cm |
||
| 225 |
_aEdição crítica de Fernando Pessoa. _eSérie Maior _v6 |
||
| 300 | _aEnsaio | ||
| 606 |
_91822 _aLiteratura Portuguesa Ensaio |
||
| 675 |
_a821.134.3-4/PES/OBR _vPT _zpor |
||
| 700 |
_91659 _aPessoa _bFernando _f1888-1935 |
||
| 702 |
_914697 _aTeixeira _bLuís Filipe B. |
||
| 801 |
_aPT _bBMMN _gRPC |
||
| 830 |
_cCarlos Pinto _d03-11-2025 _fCarlos Pinto |
||
| 990 | _cLIVROS | ||